A kilátáselmélet nyomában a befektetői magatartás és a pénzügyi viselkedéstan kapcsolatának kutatása

Bibliográfiai részletek
Szerző: Anek Dorina
További közreműködők: Forgács Dr. Anna
Dokumentumtípus: Diplomadolgozat
Kulcsszavak:Befektetői magatartás
Pénzügyi viselkedéstan
Kutatásmódszertan
Online Access:http://dolgozattar.uni-bge.hu/4289

MARC

LEADER 00000nta a2200000 i 4500
001 dolg4289
005 20160528105149.0
008 151210suuuu hu om 000 hun d
040 |a BGE Dolgozattár Repozitórium  |b hun 
041 |a hu 
100 1 |a Anek Dorina 
245 1 2 |a A kilátáselmélet nyomában  |b a befektetői magatartás és a pénzügyi viselkedéstan kapcsolatának kutatása  |c Anek Dorina  |h [elektronikus dokumentum] 
695 |a Befektetői magatartás 
695 |a Pénzügyi viselkedéstan 
695 |a Kutatásmódszertan 
700 1 |a Forgács Dr. Anna  |e ths 
856 4 0 |u http://dolgozattar.uni-bge.hu/4289/1/Anek%20Dorina.pdf  |z Dokumentum-elérés